=LDR 00000nam 2200000 4500 =001 000336 =005 20250710023624 =035 ##$$a 0010-0725000190 =007 ta =008 250710################a##########0#ind## =020 ##$$a 978-623-118-917-2 =082 ##$$a 398.209 598 =084 ##$$a 398.209 598 MAR d =100 #$$a Mariam, Elis Siti =245 1#$$a DUNG TREK TREK DUNG /$c Elis Siti Mariam =250 ##$$a Cetakan Pertama =260 ##$$a Jakarta :$b Badan Pengembangan dan Pembinaan Bahasa,$c 2022 =300 ##$$a 24 hlm. : $b ilus. ; $c 29,7 cm =650 #4$$a CERITA ANAK-INDONESIA =600 #4$$a CERITA BERGAMBAR =990 ##$$a TBM00410041